Statistics for Biggest US Cities Starting with A

Click here to take the quiz!

General Stats

  • This quiz has been taken 42 times
    (36 since last reset)
  • The average score is 14 of 20

Answer Stats

StateAnswerPopulation% Correct
TXAustin978,908
100%
NYAlbany96,460
94%
GAAtlanta506,811
94%
CAAnaheim350,365
81%
NMAlbuquerque560,513
78%
TXArlington398,854
75%
ILAurora197,757
72%
OHAkron197,597
72%
AKAnchorage288,000
72%
COAurora379,289
72%
TXAllen105,623
69%
GAAugusta197,888
66%
PAAllentown121,442
66%
MIAnn Arbor119,980
66%
TXAmarillo199,371
59%
GAAthens126,913
59%
VAAlexandria159,428
59%
TXAbilene123,420
41%
COArvada121,272
34%
CAAntioch111,502
25%

Score Distribution

Percentile by Number Answered

Percent of People with Each Score

Your Score History

You have not taken this quiz since the last reset